| 000 | 00573nam a2200205 i 4500 | ||
|---|---|---|---|
| 001 | 26274 | ||
| 003 | ES-MaACL | ||
| 005 | 20230906153420.0 | ||
| 007 | t| | ||
| 008 | 030108s1973 sp ||||1| spa d | ||
| 100 | 1 |
_aArévalo, Rodolfo. _922660 |
|
| 245 | 1 | 0 |
_aVergikeinnicht / _cRodolfo Arévalo. |
| 250 | _a[1ª ed.]. | ||
| 260 |
_aMadrid : _bLiteroy, _c[1973] |
||
| 300 |
_a109 p. ; _c19 cm. |
||
| 490 | 1 |
_aColección voz del tiempo ; _v16 |
|
| 830 | 0 |
_aColección voz del tiempo ; _v16 _9181034 |
|
| 852 |
_aES-MaACL _jC-54546 _bR.87438 |
||
| 999 |
_c26274 _d26274 |
||